TH-MS-Therapeutic role of Aspirin in AICI3-induced mouse model of Alzheimer’s disease (Record no. 480863)
[ view plain ]
| 000 -LEADER | |
|---|---|
| fixed length control field | 00610nam a22001817a 4500 |
| 003 - CONTROL NUMBER IDENTIFIER | |
| control field | ASAB |
| 005 - DATE AND TIME OF LATEST TRANSACTION | |
| control field | 20180827062840.0 |
| 008 - FIXED-LENGTH DATA ELEMENTS--GENERAL INFORMATION | |
| fixed length control field | 180511t xxu||||| |||| 00| 0 eng d |
| 040 ## - CATALOGING SOURCE | |
| Transcribing agency | ASAB |
| 082 ## - DEWEY DECIMAL CLASSIFICATION NUMBER | |
| Classification number | Thesis 2013 SR |
| 100 ## - MAIN ENTRY--PERSONAL NAME | |
| Personal name | Saima Rizwan-sup-Dr. Muhammad Ashraf |
| 9 (RLIN) | 3925 |
| 110 ## - MAIN ENTRY--CORPORATE NAME | |
| Corporate name or jurisdiction name as entry element | Co-Supervisor Dr. Touqeer Ahmed |
| 9 (RLIN) | 3926 |
| 245 ## - TITLE STATEMENT | |
| Title | TH-MS-Therapeutic role of Aspirin in AICI3-induced mouse model of Alzheimer’s disease |
| Statement of responsibility, etc. | Saima Rizwan-sup-Dr. Muhammad Ashraf |
| 260 ## - PUBLICATION, DISTRIBUTION, ETC. | |
| Place of publication, distribution, etc. | Islamabad |
| Name of publisher, distributor, etc. | ASAB NUST |
| Date of publication, distribution, etc. | 2013 |
| 300 ## - PHYSICAL DESCRIPTION | |
| Extent | xiv, 110 P |
| Dimensions | 30 cm |
| 630 ## - SUBJECT ADDED ENTRY--UNIFORM TITLE | |
| Uniform title | Virology and Immunology |
| 9 (RLIN) | 3927 |
| 942 ## - ADDED ENTRY ELEMENTS (KOHA) | |
| Source of classification or shelving scheme | |
| Koha item type | |
| Withdrawn status | Lost status | Source of classification or shelving scheme | Damaged status | Not for loan | Permanent Location | Current Location | Date acquired | Total Checkouts | Full call number | Barcode | Date last seen | Price effective from | Koha item type | Shelving location |
|---|---|---|---|---|---|---|---|---|---|---|---|---|---|---|
| Atta-ur-Rahman School of Applied Biosciences (ASAB) | Atta-ur-Rahman School of Applied Biosciences (ASAB) | 05/11/2018 | Thesis 2013 SR | ASABMS-22-13 | 05/11/2018 | 05/11/2018 | ||||||||
| Central Library (CL) | Central Library (CL) | 02/03/2020 | 616 Thesis 2013 SR | CL-T-4898 | 02/03/2020 | 02/03/2020 | Thesis | Algorithm |
